000 01787cam a22004934i 4500
003 PE-LiUPU
005 20250731173428.0
008 150706s2010 bl a rb 000 0 eng d
020 _a9788588611177
035 _a(Sirsi) i9788588611177
040 _aPE-LiUPU
_bspa
_cPE-LiUPU
_erda
049 _aPRUA
082 0 4 _a231.7652
_bA81
_221
100 1 _aAshton, John F.,
_eautor.
245 1 3 _aEm seis dias :
_bpor que 50 cientistas decidiram aceitar a criação /
_cJohn F. Ashton.
264 1 _aBrasília :
_bSociedade Criacionista Brasileira,
_c2010.
300 _a322 páginas :
_bilustraciones ;
_c21 centímetros
336 _atext
_2rdacontent
337 _aunmediated
_2rdamedia
338 _avolume
_2rdacarrier
500 _aTraducido de: In six days: why 50 scientists choose to believe in creation.
504 _aIncluye notas bibliográficas al final de cada capítulo.
505 0 _aCiência e origens -- Religião e origens.
526 _aSEG42
526 _aSEG41
526 _aSEG40
526 _aSEG39
526 _aP94
526 _aP87
526 _aP86
526 _aP85
526 _aP77
526 _aP76
526 _aP35
650 0 4 _aCreacionismo.
650 0 4 _aEvolucionismo.
650 0 4 _aReligión y Ciencia.
942 _2ddc
_cBOOK
949 _a231.7652 A81
_wDEWEY
_c1
_i67015
_lCCODEBUL1
_mBUL
_p18.00
_r0
_sY
_tBOOK
_u2015-7-6
_xBIBLIOTECA
_zUNKNOWN
_o.STAFF. Colección Teología
994 _aC0
_bPEPRU
596 _a1
999 _a231.7652 A81
_wDEWEY
_c54720
_i67015
_d54720
_e2017-3-27
_f2021-11-9
_g5
_lCCODEBUL1
_mBUL
_n5
_p18.00
_r0
_sY
_tBOOK
_u2015-7-6
_xTEOLOGIA
_PP35
_0COMPRA
_o.STAFF. Colección Teología
980 _81
_gALBERTO SANCHEZ Responsable de Automatización